| 000 | 00000nam##2200000za#4500 |
| 001 | 9.699894 |
| 003 | CaOODSP |
| 005 | 20210625000604 |
| 007 | cr ||||||||||| |
| 008 | 150407|1962||||xxc|||||o f|0| 0 eng|d |
| 040 | |aCaOODSP|beng |
| 043 | |an-cn--- |
| 086 | 1 |aZ1-1961/1E-PDF |
| 110 | 1 |aCanada. |bPrivy Council Office. |
| 245 | 10|aReport of the Committee of Inquiry into the Unemployment Insurance Act / |h[electronic resource]|cErnest C. Gill, chairman. |
| 260 | |aOttawa - Ontario : |bPrivy Council Office |cNovember 1962. |
| 300 | |a114, 108p.|bgraphs, tables |
| 500 | |aHistorical publication digitized in 2008 by the Privy Council Office of Canada. |
| 590 | |a15-04-Supp|b2015-03-19 |
| 690 | 07|aCommissions of inquiry|2gcpds |
| 690 | 07|aEmployment insurance|2gcpds |
| 775 | 08|tRapport du Comité d'enquête relatif à la Loi sur l'assurance-chômage |w(CaOODSP)9.643848 |
| 856 | 40|ahttp://publications.gc.ca|qPDF|s5.05 MB|uhttps://publications.gc.ca/collections/collection_2014/bcp-pco/Z1-1961-1-1-eng.pdf |
| 856 | 40|ahttp://publications.gc.ca|qPDF|s5.17 MB|uhttps://publications.gc.ca/collections/collection_2014/bcp-pco/Z1-1961-1-2-eng.pdf |